000 00665nam a22002057a 4500
005 20250313125335.0
010 _aENG-144027
020 _a9789352836420
_c375.00
035 _aEN-127559
037 _bDBAD
082 _a657.42
100 _aGupta, M P
_979605
245 _aShukla & Grewal's Cost Accounting-II/
_cby M P Gupta
250 _a1
260 _aNew Delhi
_bS. Chand Publishing
_c2019
270 _aA-27, 2nd Floor, Mohan Co-Operative Industrial Estate
_bNew Delhi
_e110044
300 v _avpp.
_c23cm(pb)
500 _a(As per B.Com. CBCS Curriculum, Semester-IV of The University of Burdwan)
942 _2ddc
_cEN
_mGUP
_h657.42
999 _c210288
_d210288